| 000 -LEADER |
| fixed length control field |
00550nam a22001937a 4500 |
| 008 - FIXED-LENGTH DATA ELEMENTS--GENERAL INFORMATION |
| fixed length control field |
151009b xxu||||| |||| 00| 0 eng d |
| 020 ## - INTERNATIONAL STANDARD BOOK NUMBER |
| International Standard Book Number |
9780534641207 |
| 020 ## - INTERNATIONAL STANDARD BOOK NUMBER |
| International Standard Book Number |
0534641202 |
| 041 0# - LANGUAGE CODE |
| Language code of text/sound track or separate title |
eng |
| 080 ## - UNIVERSAL DECIMAL CLASSIFICATION NUMBER |
| Universal Decimal Classification number |
159.9 |
| 100 1# - Rafti |
| Rafti |
Surprenant, Aimée M. |
| 245 10 - TITLE STATEMENT |
| Title |
CogLab reader / |
| Statement of responsibility, etc |
Aimée M. Surprenant, Greg Francis, Ian Neath. |
| 260 ## - |
| -- |
Australia ; |
| -- |
Belmont, CA : |
| -- |
Thomson/Wadsworth, |
| -- |
2005. |
| 300 ## - |
| -- |
xiv, 429 f. : |
| -- |
me il.; |
| -- |
24 cm. |
| 650 #0 - |
| -- |
Psikologji |
| 700 1# - |
| -- |
Francis, Greg. |
| 700 1# - |
| -- |
Neath, Ian, |
| 942 ## - ADDED ENTRY ELEMENTS (KOHA) |
| Source of classification or shelving scheme |
|
| Item type |
Books |